[Event "RSA-ch U12"]
[Site "Bloemfontein"]
[Date "2016.03.23"]
[Round "6"]
[White "Posholi, Kamohelo"]
[Black "Isaacs, Terrel"]
[Result "1-0"]
[WhiteElo "1279"]
[BlackElo "996"]
[PlyCount "32"]
[EventDate "2016.03.20"]
[EventType "swiss"]
[EventRounds "11"]
[EventCountry "RSA"]
[SourceTitle "CBM 171 Extra"]
[Source "ChessBase"]
[SourceDate "2016.04.26"]
[SourceVersion "1"]
[SourceVersionDate "2016.04.26"]
[SourceQuality "1"]

1. e4 c5 2. Nf3 Nc6 3. d4 e6 4. Be2 d5 5. dxc5 dxe4 6. Qxd8+ Nxd8 7. Bb5+ Nc6 8. Ne5 Nge7 9. Be3 a6 10. Ba4 b5 11. cxb6 Bb7 12. Nc3 f5 13. Bc5 Rc8 14. 0-0 g6 15. Rfd1 Ba8 16. b7 Bxb7 1-0